[Event "Miedzynarodowe Mistrzostwa Malopolski"]
[Site "Krakow"]
[Date "2011.05.07"]
[Round "8"]
[White "Swiech, Przemyslaw"]
[Black "Zadlo, Tomasz"]
[Result "1-0"]
[WhiteElo "2219"]
[BlackElo "2077"]
[PlyCount "61"]
[EventDate "2011.??.??"]

1. d4 f5 2. c4 Nf6 3. Nf3 g6 4. g3 Bg7 5. Bg2 O-O 6. O-O d6 7. Nc3 Qe8 8. Re1
Qf7 9. Qb3 h6 10. d5 Na6 11. Be3 Ng4 12. Bd4 Ne5 13. Rad1 Nxf3+ 14. Bxf3 Bxd4
15. Rxd4 Nc5 16. Qc2 e5 17. dxe6 Bxe6 18. Bg2 Rae8 19. e3 Kg7 20. b4 Nd7 21.
Nd5 Bxd5 22. Bxd5 Qf6 23. Red1 Ne5 24. b5 c6 25. Bg2 Rd8 26. R4d2 c5 27. Qa4 b6
28. Qxa7+ Rf7 29. Qa4 Rdd7 30. Qb3 Rd8 31. f4 1-0

[Event "Miedzynarodowe Mistrzostwa Malopolski"]
[Site "Krakow"]
[Date "2011.05.07"]
[Round "8"]
[White "Szewczyk, Grzegorz"]
[Black "Wierzbicka, Wiktoria"]
[Result "1-0"]
[WhiteElo "2000"]
[BlackElo "2026"]
[PlyCount "41"]
[EventDate "2011.??.??"]

1. d4 c5 2. d5 d6 3. e4 g6 4. Nc3 a6 5. a4 Bg7 6. Nf3 e6 7. dxe6 Bxe6 8. Be2
Ne7 9. Bg5 f6 10. Be3 Nbc6 11. Qd2 Qb6 12. Qxd6 Qxb2 13. O-O Qxc3 14. Qxe6 f5
15. Rad1 Rd8 16. Bg5 fxe4 17. Bc4 Rxd1 18. Rxd1 Bd4 19. Bd5 Bxf2+ 20. Kxf2
Qxc2+ 21. Rd2 1-0

[Event "Miedzynarodowe Mistrzostwa Malopolski"]
[Site "Krakow"]
[Date "2011.05.07"]
[Round "8"]
[White "Bednarczyk, Damian"]
[Black "Kawula, Andrzej"]
[Result "1-0"]
[WhiteElo "2002"]
[BlackElo "1989"]
[PlyCount "77"]
[EventDate "2011.??.??"]

1. d4 d5 2. c4 e6 3. Nc3 c6 4. Nf3 f5 5. Bf4 Nf6 6. Qc2 Be7 7. e3 O-O 8. Bd3
Ne4 9. O-O Nd7 10. Ne5 Ndf6 11. f3 Nxc3 12. bxc3 Nh5 13. g4 Nxf4 14. exf4 Bd6
15. Rae1 Qh4 16. Qf2 Qxf2+ 17. Rxf2 c5 18. Kg2 b6 19. Kg3 g6 20. Rfe2 Kg7 21.
h3 fxg4 22. fxg4 Rb8 23. a4 cxd4 24. cxd4 Rb7 25. cxd5 exd5 26. Rc1 Be6 27.
Rec2 Re7 28. Bb5 Bg8 29. Rc6 Rd8 30. Rc8 Rxc8 31. Rxc8 g5 32. fxg5 Be6 33. Ra8
Bf7 34. Kf4 Bg6 35. h4 Bb1 36. h5 h6 37. gxh6+ Kxh6 38. Rh8+ Kg7 39. Rd8 1-0

[Event "Miedzynarodowe Mistrzostwa Malopolski"]
[Site "Krakow"]
[Date "2011.05.07"]
[Round "8"]
[White "Sanetra, Szymon"]
[Black "Goslawski, Michal"]
[Result "0-1"]
[WhiteElo "2028"]
[BlackElo "2033"]
[PlyCount "99"]
[EventDate "2011.??.??"]

1. d4 Nf6 2. c4 e6 3. Nc3 Bb4 4. Qc2 O-O 5. Nf3 c5 6. e3 b6 7. Bd3 Bb7 8. Bd2
Bxf3 9. gxf3 cxd4 10. exd4 Nc6 11. Be3 d5 12. cxd5 Qxd5 13. Be4 Nxe4 14. Qxe4
Rfd8 15. Qxd5 Rxd5 16. O-O-O Bxc3 17. bxc3 Na5 18. Rhg1 Rc8 19. Kc2 Nc4 20. Bh6
g6 21. Rg5 f5 22. h4 Ra5 23. Ra1 Nd6 24. Rg3 Nb5 25. h5 Kf7 26. hxg6+ hxg6 27.
Rag1 Nxc3 28. Kd3 Nd5 29. Rxg6 Rc3+ 30. Kd2 Rxa2+ 31. Ke1 Ra1+ 32. Ke2 Rc2+ 33.
Kd3 Rxg1 34. Rxg1 Rxf2 35. Rg7+ Kf6 36. Rxa7 Rxf3+ 37. Ke2 Rg3 38. Ra8 Rg6 39.
Bd2 Rg3 40. Rb8 f4 41. Rf8+ Kg5 42. Bc1 Kg4 43. Re8 Kf5 44. Bd2 Rh3 45. Bc1 b5
46. Rf8+ Ke4 47. Re8 Rh2+ 48. Ke1 Rh6 49. Kd2 b4 50. Rb8 0-1

[Event "Miedzynarodowe Mistrzostwa Malopolski"]
[Site "Krakow"]
[Date "2011.05.07"]
[Round "8"]
[White "Kumor, Lukasz"]
[Black "Kosturkiewicz, Jacek"]
[Result "1-0"]
[WhiteElo "2165"]
[BlackElo "2030"]
[PlyCount "41"]
[EventDate "2011.??.??"]

1. e4 c5 2. Nf3 d6 3. d4 cxd4 4. Nxd4 Nf6 5. Nc3 g6 6. Be3 Bg7 7. f3 Nc6 8. Qd2
O-O 9. O-O-O Nxd4 10. Bxd4 Be6 11. Kb1 Qc7 12. h4 Bc4 13. Bxc4 Qxc4 14. Bxf6
Bxf6 15. Nd5 Rac8 16. h5 Kh8 17. c3 Rg8 18. Nxf6 exf6 19. Qxd6 Rc6 20. hxg6
Rxg6 21. Qf8+ 1-0

[Event "Miedzynarodowe Mistrzostwa Malopolski"]
[Site "?"]
[Date "2011.05.07"]
[Round "8"]
[White "Zaboklicki, Zbigniew"]
[Black "Suliborski, Jakub"]
[Result "0-1"]
[WhiteElo "1898"]
[BlackElo "1902"]
[PlyCount "138"]
[EventDate "2011.05.01"]
[SourceDate "2011.05.07"]

1. Nf3 g6 2. c4 Bg7 3. d4 Nf6 4. Nc3 O-O 5. e4 d6 6. h3 e5 7. dxe5 dxe5 8. Qxd8
Rxd8 9. Bg5 Re8 10. O-O-O c6 11. Nxe5 Nxe4 12. Nxe4 Bxe5 13. Bd3 Nd7 14. f4 f5
15. Nd2 Nc5 16. Bc2 Bg7 17. b4 Ne6 18. Rhe1 h6 19. Bh4 Kf7 20. Bg3 Bc3 21. a3
a5 22. b5 cxb5 23. cxb5 Bd7 24. Nc4 Bxe1 25. Rxd7+ Re7 26. Ne5+ Kf6 27. Rxe7
Kxe7 28. Bxe1 Nxf4 29. Bd2 Nxg2 30. Nxg6+ Kf6 31. Nf4 Nxf4 32. Bxf4 Rc8 33. Kd2
Rc4 34. Bg3 Kg5 35. Bd3 Ra4 36. Bd6 Rd4 37. Be7+ Kf4 38. Bc5 Rd5 39. Be3+ Kg3
40. Bxh6 f4 41. Kc3 f3 42. Be3 f2 43. Be2 Kg2 44. Kc4 Rd1 45. Kc5 Re1 46. Bxf2
Rxe2 47. Bd4 Re6 48. b6 Kxh3 49. a4 Re4 50. Kd5 Rg4 51. Kc5 Kg2 52. Bc3 Rxa4
53. Kb5 Re4 54. Kxa5 Rc4 55. Bb4 Kf3 56. Kb5 Rc6 57. Bc5 Ke4 58. Bg1 Kd3 59.
Bc5 Kc3 60. Bf2 Kb3 61. Bd4 Rc4 62. Be5 Rc6 63. Bd4 Rc1 64. Be5 Re1 65. Bd4 Rd1
66. Kc5 Ka4 67. Be5 Rc1+ 68. Kd5 Rc6 69. Bd4 Kb5 0-1

[Event "Miedzynarodowe Mistrzostwa Malopolski"]
[Site "Krakow"]
[Date "2011.05.08"]
[Round "9"]
[White "Swiech, Przemyslaw"]
[Black "Jakubiec, Artur"]
[Result "0-1"]
[WhiteElo "2219"]
[BlackElo "2535"]
[PlyCount "58"]
[EventDate "2011.??.??"]

1. d4 f5 2. c4 Nf6 3. Nf3 g6 4. g3 Bg7 5. Bg2 O-O 6. O-O d6 7. Qc2 Qe8 8. c5
Nc6 9. Nc3 e5 10. cxd6 e4 11. Ng5 Nxd4 12. Qd1 c5 13. Be3 h6 14. Nh3 g5 15.
Bxd4 cxd4 16. Qxd4 Be6 17. f4 Nd5 18. Qd2 e3 19. Qd3 Nxc3 20. bxc3 g4 21. Rab1
gxh3 22. Bxb7 Rb8 23. Qa6 Qf7 24. Rfd1 Kh8 25. a4 Bd5 26. Bc6 Bb3 27. d7 Bxd1
28. Rxd1 Qe6 29. c4 Qd6 0-1

[Event "Miedzynarodowe Mistrzostwa Malopolski"]
[Site "Krakow"]
[Date "2011.05.08"]
[Round "9"]
[White "Sadzikowski, Daniel"]
[Black "Jakubiec, Edyta"]
[Result "1/2-1/2"]
[WhiteElo "2374"]
[BlackElo "2206"]
[PlyCount "35"]
[EventDate "2011.??.??"]

1. e4 e5 2. d4 exd4 3. Qxd4 Nc6 4. Qe3 d6 5. Nc3 Nf6 6. Bd2 Be7 7. O-O-O O-O 8.
Nf3 Re8 9. Bb5 Bd7 10. Bxc6 Bxc6 11. Nd4 Bd7 12. f3 c5 13. Nde2 d5 14. exd5 b5
15. Qd3 c4 16. Qd4 b4 17. Ne4 Qa5 18. Kb1 1/2-1/2

[Event "Miedzynarodowe Mistrzostwa Malopolski"]
[Site "Krakow"]
[Date "2011.05.08"]
[Round "9"]
[White "Barski, Radoslaw"]
[Black "Kaim, Piotr"]
[Result "1-0"]
[WhiteElo "2284"]
[BlackElo "2285"]
[PlyCount "147"]
[EventDate "2011.??.??"]

1. e4 c5 2. Nf3 d6 3. d4 cxd4 4. Nxd4 Nf6 5. Nc3 Nc6 6. Bg5 e6 7. Qd2 Be7 8.
O-O-O O-O 9. f4 Nxd4 10. Qxd4 Qa5 11. Qd3 h6 12. Bh4 Rd8 13. Be1 Qc7 14. Qf3
Bd7 15. Bd3 Bc6 16. Qe2 a6 17. g4 d5 18. e5 Nd7 19. Bf2 b5 20. Rhg1 b4 21. Nb1
Bb5 22. h4 Nc5 23. Bxc5 Bxc5 24. Rg3 Rac8 25. g5 h5 26. g6 fxg6 27. Nd2 Bf2 28.
Rg2 Bxh4 29. Nf3 Qf7 30. Kb1 Be7 31. Bxb5 axb5 32. Rdg1 Bc5 33. Rf1 b3 34. axb3
b4 35. Qd3 Ra8 36. Qxg6 Qxg6 37. Rxg6 Ra6 38. c3 Rda8 39. Kc2 Ra2 40. Kd3 bxc3
41. bxc3 Kf7 42. Rg3 Rb2 43. Ng5+ Ke7 44. f5 Raa2 45. Nf3 exf5 46. Rxg7+ Ke6
47. b4 Bf2 48. Rh1 h4 49. Rh2 Bg3 50. Rxb2 Rxb2 51. Kd4 Bf2+ 52. Kd3 Bg3 53.
Kd4 Rd2+ 54. Ke3 Rf2 55. Nd4+ Kxe5 56. Rg6 f4+ 57. Kd3 f3 58. Ke3 Re2+ 59. Nxe2
fxe2 60. Kxe2 d4 61. c4 Bf4 62. Kd3 h3 63. Rg1 h2 64. Rh1 Bg3 65. b5 Kd6 66.
Kxd4 Bf2+ 67. Kc3 Bg1 68. Kb4 Bc5+ 69. Ka5 Bg1 70. Ka6 Kc7 71. c5 Kb8 72. b6
Ka8 73. b7+ Kb8 74. Kb6 1-0

[Event "Miedzynarodowe Mistrzostwa Malopolski"]
[Site "Krakow"]
[Date "2011.05.08"]
[Round "9"]
[White "Khamitskiy, Sergei"]
[Black "Gbyl, Andrzej"]
[Result "1/2-1/2"]
[WhiteElo "2317"]
[BlackElo "2244"]
[PlyCount "86"]
[EventDate "2011.??.??"]

1. d4 d5 2. c4 c6 3. Nf3 Nf6 4. Nc3 dxc4 5. e3 b5 6. a4 b4 7. Na2 e6 8. Bxc4
Nbd7 9. O-O Bb7 10. Qe2 Be7 11. Bd2 a5 12. Nc1 c5 13. Rd1 O-O 14. Nb3 Qb6 15.
Rac1 Rfd8 16. Be1 Rac8 17. Bb5 cxd4 18. Nfxd4 Nc5 19. Nxc5 Bxc5 20. Nb3 Bd6 21.
Nd2 Rxc1 22. Rxc1 Bb8 23. f3 Nh5 24. g3 e5 25. Nc4 Qc7 26. Rd1 e4 27. fxe4 Nf6
28. e5 Ne4 29. Qg4 Rxd1 30. Qxd1 Ng5 31. Qd7 Qxd7 32. Bxd7 Bc7 33. Nd6 Bd5 34.
Kf2 Kf8 35. Bb5 Ne4+ 36. Nxe4 Bxe4 37. Bc4 Bxe5 38. b3 f5 39. Ke2 Bc3 40. Bf2
Ke7 41. Bd3 Ke6 42. Bxe4 fxe4 43. g4 g5 1/2-1/2

[Event "Miedzynarodowe Mistrzostwa Malopolski"]
[Site "Krakow"]
[Date "2011.05.08"]
[Round "9"]
[White "Szuper, Paul"]
[Black "Watorek, Marcin"]
[Result "0-1"]
[WhiteElo "2184"]
[BlackElo "2104"]
[PlyCount "98"]
[EventDate "2011.??.??"]

1. d4 d5 2. c4 c6 3. Nf3 Nf6 4. Qb3 e6 5. Bg5 Nbd7 6. Nc3 Be7 7. e3 O-O 8. Bd3
dxc4 9. Qxc4 Nd5 10. Bxe7 Qxe7 11. O-O Nxc3 12. Qxc3 Re8 13. Qc2 g6 14. Ne5
Nxe5 15. dxe5 c5 16. Be4 Rb8 17. Rfd1 b6 18. Rd6 Bb7 19. Bxb7 Rxb7 20. Rad1 Qg5
21. f4 Qf5 22. Qxf5 exf5 23. Kf2 Rc7 24. Ke2 b5 25. Kd2 Kf8 26. h3 Ke7 27. Kc3
h5 28. Rf6 Rb8 29. Rdd6 c4 30. Rc6 Rxc6 31. Rxc6 Rd8 32. Rc7+ Rd7 33. Rxd7+
Kxd7 34. Kd4 Kc6 35. e4 h4 36. exf5 gxf5 37. a3 a6 38. Ke3 Kd5 39. g3 hxg3 40.
h4 a5 41. h5 b4 42. axb4 axb4 43. Kf3 c3 44. bxc3 bxc3 45. h6 c2 46. h7 c1=Q
47. h8=Q Qc3+ 48. Kg2 Ke4 49. Qh5 Qd2+ 0-1

[Event "Miedzynarodowe Mistrzostwa Malopolski"]
[Site "Krakow"]
[Date "2011.05.08"]
[Round "9"]
[White "Lach, Piotr"]
[Black "Bednarczyk, Damian"]
[Result "1-0"]
[WhiteElo "2176"]
[BlackElo "2002"]
[PlyCount "99"]
[EventDate "2011.??.??"]

1. e4 c5 2. Nf3 Nc6 3. d4 cxd4 4. Nxd4 Nf6 5. Nc3 d6 6. Bg5 e6 7. Qd3 a6 8.
O-O-O h6 9. Nxc6 bxc6 10. Bf4 d5 11. Be2 Qa5 12. exd5 cxd5 13. Qg3 Bb7 14. Be5
O-O-O 15. Rhe1 Bc6 16. f4 Nd7 17. Bd4 Bd6 18. Qe3 g5 19. g3 gxf4 20. gxf4 Rhg8
21. Bh5 Qc7 22. Rf1 Rdf8 23. Kb1 Kb7 24. Rf2 Nb6 25. b3 Nc8 26. Be2 Ne7 27. Bd3
Ng6 28. Bxg6 Rxg6 29. f5 Rg5 30. fxe6 f5 31. Qh3 h5 32. Qf3 f4 33. Re1 Qe7 34.
Rfe2 h4 35. Rf2 a5 36. Rfe2 Kc8 37. Bf2 Rg3 38. hxg3 fxg3 39. Qg2 gxf2 40. Rxf2
Rxf2 41. Qxf2 h3 42. Qb6 Qb7 43. Qd4 Qh7 44. e7 Bxe7 45. Nxd5 Bh4 46. Rh1 Bd8
47. Qg4+ Qd7 48. Qxd7+ Kxd7 49. c4 Bc7 50. Rxh3 1-0

[Event "Miedzynarodowe Mistrzostwa Malopolski"]
[Site "Krakow"]
[Date "2011.05.08"]
[Round "9"]
[White "Suliborski, Jakub"]
[Black "Szewczyk, Grzegorz"]
[Result "1-0"]
[WhiteElo "1902"]
[BlackElo "2000"]
[PlyCount "43"]
[EventDate "2011.??.??"]

1. e4 c6 2. d4 d5 3. e5 c5 4. Nf3 Bg4 5. Bb5+ Nc6 6. dxc5 Qa5+ 7. Nc3 e6 8. Be3
Nge7 9. a3 Nf5 10. b4 Nxe3 11. fxe3 Qc7 12. Qd4 h5 13. O-O Be7 14. e4 O-O 15.
Bxc6 bxc6 16. exd5 exd5 17. Rae1 a5 18. Ne2 axb4 19. axb4 Ra2 20. c3 f6 21. e6
Bxe6 22. Nc1 1-0

[Event "Miedzynarodowe Mistrzostwa Malopolski"]
[Site "Krakow"]
[Date "2011.05.08"]
[Round "9"]
[White "Kawula, Andrzej"]
[Black "Kumor, Lukasz"]
[Result "1-0"]
[WhiteElo "1989"]
[BlackElo "2165"]
[PlyCount "101"]
[EventDate "2011.??.??"]

1. c4 c6 2. d4 d5 3. Nc3 Nf6 4. e3 e6 5. Nf3 Be7 6. Bd3 dxc4 7. Bxc4 b5 8. Bd3
a6 9. O-O O-O 10. e4 Bb7 11. e5 Nd5 12. Ne4 h6 13. Bd2 Re8 14. Rc1 Nd7 15. Bb1
Rc8 16. Qc2 Nf8 17. Rfd1 Ng6 18. Nc5 Qc7 19. Nxe6 Qd7 20. Nc5 Bxc5 21. dxc5 Ra8
22. b4 Bc8 23. Re1 Qc7 24. h3 Ra7 25. Nd4 Be6 26. f4 Nf8 27. f5 Bd7 28. e6 Bc8
29. Qd3 f6 30. Qf3 Bb7 31. Be4 Qe5 32. Nb3 Ba8 33. Bxd5 Qxd5 34. Qxd5 cxd5 35.
Nd4 Rc7 36. Bf4 Rcc8 37. c6 g5 38. Bd6 Nh7 39. g4 Kg7 40. Rc5 Red8 41. e7 Re8
42. Ne6+ Kf7 43. Nc7 Rxc7 44. Bxc7 Rxe7 45. Rxe7+ Kxe7 46. Bg3 Kd8 47. Rxd5+
Kc8 48. Rd7 Bxc6 49. Ra7 Nf8 50. Rc7+ Kd8 51. Rxc6 1-0

[Event "Miedzynarodowe Mistrzostwa Malopolski"]
[Site "Krakow"]
[Date "2011.05.08"]
[Round "9"]
[White "Zadlo, Tomasz"]
[Black "Wierzbicka, Wiktoria"]
[Result "1-0"]
[WhiteElo "2077"]
[BlackElo "2026"]
[PlyCount "41"]
[EventDate "2011.??.??"]

1. e4 c5 2. c3 Nf6 3. e5 Nd5 4. d4 cxd4 5. Nf3 e6 6. cxd4 d6 7. Bc4 Nb6 8. Bd3
Nc6 9. Nc3 dxe5 10. dxe5 Be7 11. a3 Nd5 12. Nxd5 Qxd5 13. Qe2 Bd7 14. O-O Nd4
15. Nxd4 Qxd4 16. Bd2 Bc6 17. Bc3 Qd5 18. f3 O-O 19. Rfd1 Qc5+ 20. Kh1 Ba4 21.
Qe4 1-0

[Event "Miedzynarodowe Mistrzostwa Malopolski"]
[Site "Krakow"]
[Date "2011.05.08"]
[Round "9"]
[White "Blasiak, Miroslaw"]
[Black "Sanetra, Szymon"]
[Result "1/2-1/2"]
[WhiteElo "1957"]
[BlackElo "2028"]
[PlyCount "60"]
[EventDate "2011.??.??"]

1. e4 c6 2. d4 d5 3. Nc3 dxe4 4. Nxe4 Bf5 5. Ng3 Bg6 6. h4 h6 7. Nf3 Nd7 8. h5
Bh7 9. Bd3 Bxd3 10. Qxd3 e6 11. Bd2 Qc7 12. Qe2 Ngf6 13. O-O-O O-O-O 14. Ne5
Nb6 15. Ba5 Rd5 16. Bxb6 axb6 17. c4 Rd8 18. Kb1 Bd6 19. Ne4 Nxe4 20. Qxe4 Bxe5
21. Qxe5 Qxe5 22. dxe5 f5 23. f4 g5 24. hxg6 Rdg8 25. Rd3 Rxg6 26. g3 h5 27.
Kc2 Rg4 28. Rf3 h4 29. gxh4 Rhxh4 30. Rxh4 Rxh4 1/2-1/2